书目信息 |
| 题名: |
战略大逆转
|
|
| 作者: | 哈特曼 著 ;李元明 译 | |
| 分册: | ||
| 出版信息: | 北京 京华出版社 2004.08 |
|
| 页数: | 208页 | |
| 开本: | 24cm | |
| 丛书名: | ||
| 单 册: | ||
| 中图分类: | F270 | |
| 科图分类: | ||
| 主题词: | 企业管理--经济发展战略--案例 | |
| 电子资源: | ||
| ISBN: | 7-80600-932-9 | |
| 000 | 01067nam0 2200265 4500 | |
| 001 | 192004001252 | |
| 005 | 20070905154817.90 | |
| 010 | @a7-80600-932-9@dCNY28.00 | |
| 100 | @a20070531d2004 ekmy0chiy0121 ea | |
| 101 | 1 | @achi@ceng |
| 102 | @aCN@b110000 | |
| 105 | @aak z 000yy | |
| 200 | 1 | @a战略大逆转@Azhan lue da ni zhuan@e突破发展困境的行动指南@f(美) 阿莫·哈特曼著@g李元明译 |
| 210 | @a北京@c京华出版社@d2004.08 | |
| 215 | @a208页@c图@d24cm | |
| 300 | @a全球500强的百年成长之道 | |
| 300 | @a其他题名:突破发展困境的行动指南 | |
| 330 | @a本书是一本关于领导力、价值观和管理方法的书,是关于成本控制、生产力和优先配给的书,更是一本介绍通用电气、诺华、思科、IBM、霍尼维尔等成功企业如何走出困境、走向成功之经验的书。本书将向人们展示、如何运用获得的教训使自己的企业重新充满活力。 | |
| 517 | 1 | @a突破发展困境的行动指南@Atu po fa zhan kun jing de xing dong zhi nan |
| 606 | 0 | @a企业管理@x经济发展战略@x案例 |
| 690 | @aF270@v4 | |
| 701 | 1 | @a哈特曼@Aha te man@e美@4著 |
| 702 | 0 | @a李元明@Ali yuan ming@4译 |
| 801 | 0 | @aCN@c20070905 |
| 905 | @dF270@eH023 | |
| 战略大逆转:突破发展困境的行动指南/(美) 阿莫·哈特曼著/李元明译.-北京:京华出版社,2004.08 |
| 208页:图;24cm |
| 全球500强的百年成长之道.-其他题名:突破发展困境的行动指南 |
| ISBN 7-80600-932-9:CNY28.00 |
| 本书是一本关于领导力、价值观和管理方法的书,是关于成本控制、生产力和优先配给的书,更是一本介绍通用电气、诺华、思科、IBM、霍尼维尔等成功企业如何走出困境、走向成功之经验的书。本书将向人们展示、如何运用获得的教训使自己的企业重新充满活力。 |
| ● |
| 相关链接 |
|
|
|
正题名:战略大逆转
索取号:F270/H023
 
预约/预借
| 序号 | 登录号 | 条形码 | 馆藏地/架位号 | 状态 | 备注 |
| 1 | 623497 | 206234975 | 社科库409/409社科库 83排1列4层/ [索取号:F270/H023] | 在馆 | |
| 2 | 623498 | 206234984 | 社科库409/409社科库 83排1列4层/ [索取号:F270/H023] | 在馆 | |
| 3 | 623499 | 206234993 | 社科库409/409社科库 83排1列4层/ [索取号:F270/H023] | 在馆 |